000 00275nam a22001217a 4500
999 _c162133
_d162133
082 _a
_b
100 _aBahadur K P
245 _aWestern Maharashtra and Gujarat/
_cby Bahadur K P.
260 _aNew Delhi:
_bEss Ess,
_c1981.
300 _a201p.
650 _a
942 _cBK